[Event "TUR Cup"]
[Site "Denizli"]
[Date "2023.07.17"]
[Round "2"]
[White "Kilic, Cihan"]
[Black "Camci, Ali Ammar"]
[Result "0-1"]
[WhiteElo "1861"]
[BlackElo "2006"]
[PlyCount "124"]
[EventDate "2023.07.16"]
[EventType "team-tourn"]
[EventRounds "9"]
[EventCountry "TUR"]
[SourceTitle "CBM 215 Extra"]
[Source "ChessBase"]
[SourceDate "2023.09.30"]
[SourceVersion "1"]
[SourceVersionDate "2023.09.30"]
[SourceQuality "1"]

1. d4 Nf6 2. Bf4 b6 3. Nf3 Bb7 4. e3 e6 5. Nbd2 Nh5 6. Bd3 Nxf4 7. exf4 Qf6 8. g3 Be7 9. Qe2 Nc6 10. c3 Qh6 11. Ba6 Bxa6 12. Qxa6 0-0 13. 0-0 Qh5 14. Rfe1 h6 15. Qb7 a5 16. Re5 Qg4 17. d5 Ra7 18. dxc6 Rxb7 19. cxb7 Rb8 20. Kg2 Rxb7 21. Rae1 Bd6 22. R5e2 Qg6 23. h4 Qd3 24. Ne4 Qd5 25. b3 f5 26. c4 Qd3 27. Rd2 fxe4 28. Rxd3 exd3 29. Rd1 b5 30. cxb5 Rxb5 31. Rxd3 Kf8 32. Nd2 Ke7 33. Kf3 a4 34. Nc4 axb3 35. axb3 Bb4 36. g4 d5 37. Ne3 c6 38. g5 Bd6 39. f5 Rb4 40. fxe6 Kxe6 41. gxh6 gxh6 42. Ng2 Be7 43. Re3+ Kd6 44. Nf4 Bxh4 45. Re6+ Kd7 46. Rxh6 Rxb3+ 47. Kg2 Bg5 48. Rh7+ Kd6 49. Ne2 c5 50. f4 Bf6 51. Ra7 Rb6 52. Kf3 c4 53. Ke3 Rb3+ 54. Kd2 Rb2+ 55. Ke3 Kc5 56. Ra5+ Rb5 57. Ra8 d4+ 58. Ke4 d3 59. Nd4 Bxd4 60. Rc8+ Kb4 61. Kxd4 d2 62. Rxc4+ Ka5 0-1

[Event "TUR-chT 2nd League"]
[Site "Konya"]
[Date "2022.08.25"]
[Round "5.10"]
[White "Yalcin, Ozgun"]
[Black "Camci, Ali Ammar"]
[Result "1/2-1/2"]
[WhiteElo "1898"]
[BlackElo "2029"]
[PlyCount "59"]
[EventDate "2022.08.22"]
[EventType "team-swiss"]
[EventRounds "9"]
[EventCountry "TUR"]
[SourceTitle "CBM 210 Extra"]
[Source "ChessBase"]
[SourceDate "2022.11.30"]
[SourceVersion "1"]
[SourceVersionDate "2022.11.30"]
[SourceQuality "1"]
[WhiteTeam "Afyonkarahisar Basari"]
[BlackTeam "Duzce AS"]
[WhiteTeamCountry "TUR"]
[BlackTeamCountry "TUR"]

1. c4 b6 2. Nc3 Bb7 3. e4 e5 4. Nf3 Nc6 5. Be2 Nf6 6. 0-0 Be7 7. a3 0-0 8. d3 d6 9. Nd5 Qd7 10. Bg5 Kh8 11. h3 Ng8 12. Bd2 Rae8 13. Ne1 Nd4 14. f4 Bh4 15. Nf3 Nxf3+ 16. Bxf3 c6 17. Nc3 Bf6 18. Be3 exf4 19. Bxf4 Be5 20. Be3 g6 21. Qd2 Bg7 22. Rae1 Re7 23. Rd1 Ree8 24. Rde1 Re7 25. Rd1 Ree8 26. Rde1 Re7 27. Rd1 Ree8 28. Rde1 Re7 29. Rd1 Ree8 30. Rde1 1/2-1/2

[Event "TUR-chT 2nd League"]
[Site "Konya"]
[Date "2022.08.22"]
[Round "1.10"]
[White "Maruflu, Enes Yusuf"]
[Black "Camci, Ali Ammar"]
[Result "1/2-1/2"]
[WhiteElo "2068"]
[BlackElo "2029"]
[PlyCount "113"]
[EventDate "2022.08.22"]
[EventType "team-swiss"]
[EventRounds "9"]
[EventCountry "TUR"]
[SourceTitle "CBM 210 Extra"]
[Source "ChessBase"]
[SourceDate "2022.11.30"]
[SourceVersion "1"]
[SourceVersionDate "2022.11.30"]
[SourceQuality "1"]
[WhiteTeam "Eskiseh Tasci"]
[BlackTeam "Duzce AS"]
[WhiteTeamCountry "TUR"]
[BlackTeamCountry "TUR"]

1. g3 f5 2. Bg2 Nf6 3. Nf3 e6 4. d4 Be7 5. c4 0-0 6. 0-0 d5 7. Nc3 c6 8. b3 Bd7 9. Ne5 Be8 10. Bb2 Nbd7 11. Nd3 Bh5 12. Qc2 Bd6 13. a4 Ne4 14. e3 Rf6 15. Nf4 Rh6 16. f3 Nxc3 17. Bxc3 Qg5 18. Rae1 Rf8 19. Bd2 Qf6 20. Ne2 g5 21. Qd3 Bf7 22. cxd5 cxd5 23. e4 Qg6 24. e5 Be7 25. Rc1 Qh5 26. h3 Rb8 27. Rc7 Be8 28. Rfc1 Qf7 29. Rc8 Rg6 30. R1c7 Rxc8 31. Rxc8 Nf8 32. Rc7 Bc6 33. b4 Qe8 34. b5 Bd8 35. Rc8 Bd7 36. Ra8 b6 37. Bb4 Rg7 38. Bd6 h6 39. Nc1 a6 40. bxa6 Bxa4 41. Qc3 Qd7 42. Bf1 Be7 43. Qb4 Qc6 44. Rb8 Qxc1 45. Bxe7 Qe3+ 46. Kg2 Bd1 47. Rxf8+ Kh7 48. Qb2 Bxf3+ 49. Kh2 Rxe7 50. Rb8 Kg6 51. Rb7 Re8 52. a7 Qe1 53. Bg2 f4 54. Qc2+ Be4 55. Bxe4+ dxe4 56. gxf4 Rc8 57. Qxc8 1/2-1/2

[Event "TUR-chT 1st League"]
[Site "Konya"]
[Date "2018.07.18"]
[Round "4.10"]
[White "Camci, Ali Ammar"]
[Black "Ersahin, Bulent"]
[Result "0-1"]
[WhiteElo "2025"]
[BlackElo "2179"]
[PlyCount "75"]
[EventDate "2018.07.16"]
[EventType "team-swiss"]
[EventRounds "9"]
[EventCountry "TUR"]
[SourceTitle "EXT 2019"]
[Source "ChessBase"]
[SourceDate "2018.10.10"]
[SourceVersion "1"]
[SourceVersionDate "2018.10.10"]
[SourceQuality "1"]
[WhiteTeam "Karman Masterler"]
[BlackTeam "Boranlar Mersin Toyota"]
[WhiteTeamCountry "TUR"]
[BlackTeamCountry "TUR"]

1. f4 d5 2. Nf3 g6 3. e3 Bg7 4. Be2 Nf6 5. 0-0 0-0 6. c3 c5 7. d3 Nc6 8. Qc2 d4 9. e4 Rb8 10. Nbd2 b6 11. a4 Ba6 12. Nc4 Rc8 13. cxd4 Bxc4 14. Qxc4 cxd4 15. Qb5 Ng4 16. Bd2 Ne3 17. Rfc1 Qd7 18. a5 bxa5 19. Rc5 a6 20. Qa4 Qb7 21. Rac1 Nb4 22. Qxa5 Nbc2 23. b4 Rxc5 24. bxc5 Rc8 25. e5 e6 26. Qa2 Nb4 27. Qb2 a5 28. Qxd4 Nf5 29. Qc4 Bf8 30. d4 Nc6 31. g4 Nfe7 32. Ng5 Qb2 33. Be3 Nd5 34. Kf2 Rb8 35. Rc2 Qa3 36. Bd2 Rb2 37. Rxb2 Qxb2 38. Nf3 0-1

[Event "TUR Cup										"]
[Site "Antalya"]
[Date "2018.01.31"]
[Round "7"]
[White "Camci, Ali Ammar"]
[Black "Ozguner, Hakki Ata"]
[Result "1-0"]
[WhiteElo "2041"]
[BlackElo "1821"]
[PlyCount "73"]
[EventDate "2018.01.27"]
[EventType "swiss"]
[EventRounds "11"]
[EventCountry "TUR"]
[SourceTitle "CBM 182 Extra"]
[Source "ChessBase"]
[SourceDate "2018.02.23"]
[SourceVersion "1"]
[SourceVersionDate "2018.02.23"]
[SourceQuality "1"]

1. e4 c5 2. Nc3 Nc6 3. f4 g6 4. Nf3 Bg7 5. Bc4 e6 6. 0-0 Nge7 7. Qe1 0-0 8. Be2 d5 9. d3 Nd4 10. Bd1 Nec6 11. Kh1 b5 12. a3 Bb7 13. Ng5 h6 14. Nf3 a5 15. Qg3 Nxf3 16. Qxf3 Nd4 17. Qh3 b4 18. Na4 Qe7 19. c3 bxc3 20. bxc3 Nb5 21. e5 f6 22. Rb1 Bc6 23. exf6 Rxf6 24. Re1 e5 25. Bb3 Raf8 26. Be3 Rxf4 27. Bxf4 Rxf4 28. Qc8+ Be8 29. Bxd5+ Kh7 30. Rxb5 Qf8 31. Rbb1 Rxa4 32. Rf1 Rf4 33. Rxf4 exf4 34. Rb8 Qd6 35. Qe6 Qxe6 36. Bxe6 f3 37. gxf3 1-0

[Event "TUR Cup										"]
[Site "Antalya"]
[Date "2018.01.28"]
[Round "2"]
[White "Ince, Safiye Oyku"]
[Black "Camci, Ali Ammar"]
[Result "0-1"]
[WhiteElo "1832"]
[BlackElo "2041"]
[PlyCount "122"]
[EventDate "2018.01.27"]
[EventType "swiss"]
[EventRounds "11"]
[EventCountry "TUR"]
[SourceTitle "CBM 182 Extra"]
[Source "ChessBase"]
[SourceDate "2018.02.23"]
[SourceVersion "1"]
[SourceVersionDate "2018.02.23"]
[SourceQuality "1"]

1. e4 d5 2. exd5 Qxd5 3. Nc3 Qa5 4. d4 Nf6 5. Bc4 Bg4 6. Nf3 e6 7. Bd2 Qh5 8. Qe2 Nc6 9. Bb5 Bb4 10. 0-0-0 0-0 11. Bxc6 bxc6 12. h3 Bxf3 13. gxf3 Qa5 14. Rdg1 g6 15. h4 Nd5 16. Nxd5 Bxd2+ 17. Qxd2 Qxd2+ 18. Kxd2 cxd5 19. a3 h5 20. b4 Kg7 21. f4 Kf6 22. Ke3 a5 23. Ra1 Ra7 24. c3 axb4 25. axb4 Rfa8 26. Rxa7 Rxa7 27. Rc1 Ra3 28. Ke2 Rb3 29. Kf3 Kf5 30. Rc2 Rb1 31. Re2 f6 32. Kg2 Rd1 33. Re3 Rc1 34. Kh2 Kxf4 35. Rxe6 Rxc3 36. Rxf6+ Ke4 37. Rxg6 Kxd4 38. f4 Rf3 39. Rg5 Rxf4 40. Rxh5 Rf7 41. Rg5 Kc4 42. Rg4+ d4 43. h5 Kc3 44. h6 Rh7 45. Rh4 d3 46. Rh3 Kc2 47. Kg3 d2 48. Rh2 Rxh6 49. Rxh6 d1Q 50. Rh4 Kb3 51. Rf4 c6 52. Re4 Kc3 53. Rf4 Kd3 54. Rf6 Qe1+ 55. Kh3 Qe3+ 56. Kg4 Qe4+ 57. Rf4 Qg6+ 58. Kf3 Qh5+ 59. Kg3 Ke3 60. Rg4 Qe5+ 61. Kh3 Kf3 0-1

[Event "Manavgat Turkey Cup"]
[Site "Manavgat"]
[Date "2016.02.05"]
[Round "10"]
[White "Tepe, Efe Can"]
[Black "Camci, Ali Ammar"]
[Result "1-0"]
[WhiteElo "1887"]
[BlackElo "2074"]
[PlyCount "59"]
[EventDate "2016.01.30"]
[EventType "swiss"]
[EventRounds "11"]
[EventCountry "TUR"]
[SourceTitle "CBM 170 Extra"]
[Source "ChessBase"]
[SourceDate "2016.02.25"]
[SourceVersion "1"]
[SourceVersionDate "2016.02.25"]
[SourceQuality "1"]

1. e4 c5 2. Nf3 Nc6 3. Bb5 Qa5 4. Bxc6 bxc6 5. 0-0 g6 6. d3 Bg7 7. Nbd2 Nf6 8. Re1 0-0 9. h3 Ba6 10. Qe2 d6 11. e5 Nd5 12. c4 Nf4 13. Qe4 dxe5 14. Nb3 f5 15. Qe3 Qd8 16. Nxe5 g5 17. Nxc5 Bc8 18. h4 Qd6 19. hxg5 Nxg2 20. Kxg2 f4 21. Qe4 Qxc5 22. d4 f3+ 23. Kg3 Qd6 24. Bf4 c5 25. Qxa8 Rxf4 26. Kxf4 Qxd4+ 27. Kxf3 Bxe5 28. Qxc8+ Kg7 29. Qf5 Bd6 30. Rad1 1-0

[Event "Manavgat Turkey Cup"]
[Site "Manavgat"]
[Date "2016.02.02"]
[Round "5"]
[White "Bal, Enes Emre"]
[Black "Camci, Ali Ammar"]
[Result "0-1"]
[WhiteElo "1978"]
[BlackElo "2074"]
[PlyCount "98"]
[EventDate "2016.01.30"]
[EventType "swiss"]
[EventRounds "11"]
[EventCountry "TUR"]
[SourceTitle "CBM 170 Extra"]
[Source "ChessBase"]
[SourceDate "2016.02.25"]
[SourceVersion "1"]
[SourceVersionDate "2016.02.25"]
[SourceQuality "1"]

1. d4 Nf6 2. Nf3 e6 3. c4 b6 4. g3 Bb7 5. Bg2 Bb4+ 6. Bd2 Qe7 7. a3 Bxd2+ 8. Nbxd2 0-0 9. Qc2 c5 10. dxc5 bxc5 11. 0-0 Nc6 12. e3 a5 13. b3 Rfd8 14. Rac1 h6 15. Rfd1 d6 16. Nb1 Ng4 17. Nc3 Nce5 18. Nxe5 Nxe5 19. f4 Ng4 20. Re1 Rab8 21. e4 e5 22. f5 Qg5 23. Qe2 h5 24. h3 Nf6 25. Kh2 Bc6 26. Rb1 Rb6 27. a4 Rb4 28. Qc2 Rdb8 29. Nb5 Bxb5 30. axb5 Ra8 31. Ra1 h4 32. g4 Qf4+ 33. Kh1 Qg3 34. Reb1 Nh7 35. Bf1 Ng5 36. Qg2 Qe3 37. Re1 Qxb3 38. Qf2 Nxh3 39. Bxh3 Qxh3+ 40. Qh2 Qxg4 41. Rg1 Qxe4+ 42. Qg2 Rxc4 43. Qxe4 Rxe4 44. Rgd1 Rd4 45. Rdb1 a4 46. Kg2 Rb4 47. Rd1 a3 48. Rxd6 a2 49. Rd2 Rxb5 0-1

[Event "Manavgat Turkey Cup"]
[Site "Manavgat"]
[Date "2016.02.01"]
[Round "4"]
[White "Camci, Ali Ammar"]
[Black "Firat, Burak"]
[Result "0-1"]
[WhiteElo "2074"]
[BlackElo "2452"]
[PlyCount "90"]
[EventDate "2016.01.30"]
[EventType "swiss"]
[EventRounds "11"]
[EventCountry "TUR"]
[SourceTitle "CBM 170 Extra"]
[Source "ChessBase"]
[SourceDate "2016.02.25"]
[SourceVersion "1"]
[SourceVersionDate "2016.02.25"]
[SourceQuality "1"]

1. f4 d5 2. Nf3 g6 3. g3 Bg7 4. Bg2 Nf6 5. 0-0 0-0 6. d3 Nbd7 7. Nc3 Nc5 8. Ne5 d4 9. b4 Ncd7 10. Nxd7 Bxd7 11. Nb1 c6 12. Na3 b5 13. Bd2 Ng4 14. Qe1 a5 15. bxa5 Ne3 16. Rf2 Nxg2 17. Rxg2 c5 18. h4 Bc6 19. Rh2 Qd5 20. h5 gxh5 21. Qf1 f5 22. Qf3 Qxf3 23. exf3 e6 24. Kf2 Rfb8 25. Rxh5 Bd5 26. g4 fxg4 27. fxg4 b4 28. Nc4 Bxc4 29. dxc4 Rxa5 30. Rb1 Rxa2 31. Ke1 Bf8 32. Kd1 Rba8 33. Re5 Kf7 34. Rh5 h6 35. f5 exf5 36. Rxf5+ Kg6 37. Re5 R8a6 38. Re8 Rf6 39. Rb3 Ra1+ 40. Ke2 Rg1 41. Re4 Rg2+ 42. Ke1 Ra6 43. Rb1 Ra3 44. Re6+ Kf7 45. Re4 Rg1+ 0-1

[Event "Manavgat Turkey Cup"]
[Site "Manavgat"]
[Date "2016.01.30"]
[Round "1"]
[White "Tepeli, Huseyin"]
[Black "Camci, Ali Ammar"]
[Result "0-1"]
[WhiteElo "1686"]
[BlackElo "2074"]
[PlyCount "76"]
[EventDate "2016.01.30"]
[EventType "swiss"]
[EventRounds "11"]
[EventCountry "TUR"]
[SourceTitle "CBM 170 Extra"]
[Source "ChessBase"]
[SourceDate "2016.02.25"]
[SourceVersion "1"]
[SourceVersionDate "2016.02.25"]
[SourceQuality "1"]

1. e4 e5 2. Nf3 Nc6 3. c3 d5 4. Bb5 dxe4 5. Nxe5 Qd5 6. Qa4 Nge7 7. Nxc6 Nxc6 8. Bxc6+ bxc6 9. 0-0 Bd6 10. Re1 0-0 11. Qxe4 Qxe4 12. Rxe4 Bf5 13. Re3 Bf4 14. d4 Bxe3 15. Bxe3 a5 16. b3 Bxb1 17. Rxb1 f6 18. g3 g5 19. f4 h6 20. Kf2 Kf7 21. Kf3 Ke6 22. g4 a4 23. f5+ Kd6 24. c4 axb3 25. axb3 Rfb8 26. Ke4 Ra3 27. c5+ Kd7 28. d5 Rbxb3 29. Rxb3 Rxb3 30. dxc6+ Kxc6 31. Bd4 Rb4 32. h3 Kb5 33. Kd3 Rb3+ 34. Ke4 Rxh3 35. Bxf6 Kxc5 36. Bg7 Kd6 37. Bf8+ Kd7 38. f6 Ke6 0-1

[Event "Istanbul op-B 10th"]
[Site "Istanbul"]
[Date "2011.09.17"]
[Round "7"]
[White "Camci, Ali Ammar"]
[Black "Sabahi, Ali Can"]
[Result "1-0"]
[WhiteElo "1962"]
[BlackElo "1960"]
[PlyCount "83"]
[EventDate "2011.09.12"]
[EventType "swiss"]
[EventRounds "9"]
[EventCountry "TUR"]
[SourceTitle "CBM 144 Extra"]
[Source "ChessBase"]
[SourceDate "2011.10.28"]
[SourceVersion "1"]
[SourceVersionDate "2011.10.28"]
[SourceQuality "1"]

1. f4 Nf6 2. Nf3 Nc6 3. b3 g6 4. Bb2 Bg7 5. e3 0-0 6. Bb5 d5 7. Bxc6 bxc6 8. 0-0 Bf5 9. d3 Qd6 10. Qe1 Qc5 11. Bd4 Qd6 12. Qh4 Ng4 13. Re1 e5 14. fxe5 Nxe5 15. Nbd2 Rfe8 16. Qf4 f6 17. Rab1 c5 18. Bb2 Re7 19. e4 Rae8 20. Nxe5 fxe5 21. Qh4 dxe4 22. Nxe4 Qc6 23. Ng5 Bf6 24. Qc4+ Kg7 25. Ne4 Bxe4 26. Rxe4 Rf7 27. Rf1 Rfe7 28. h3 a6 29. Ba3 Rd7 30. Bxc5 Qb7 31. Be3 Rd6 32. b4 Rc6 33. Bc5 a5 34. a3 axb4 35. axb4 Rce6 36. b5 Qc8 37. Ra1 Qd8 38. Ra7 Kh6 39. Be3+ g5 40. Rxc7 Qa8 41. Rh4+ Kg6 42. Rh6+ 1-0

[Event "Istanbul op-B 10th"]
[Site "Istanbul"]
[Date "2011.09.17"]
[Round "8"]
[White "Ersoy, Emre"]
[Black "Camci, Ali Ammar"]
[Result "0-1"]
[WhiteElo "1783"]
[BlackElo "1962"]
[PlyCount "80"]
[EventDate "2011.09.12"]
[EventType "swiss"]
[EventRounds "9"]
[EventCountry "TUR"]
[SourceTitle "CBM 144 Extra"]
[Source "ChessBase"]
[SourceDate "2011.10.28"]
[SourceVersion "1"]
[SourceVersionDate "2011.10.28"]
[SourceQuality "1"]

1. e4 c5 2. Nf3 Nc6 3. d4 cxd4 4. Nxd4 Nf6 5. Nc3 e5 6. Ndb5 d6 7. Bg5 a6 8. Na3 b5 9. Bxf6 gxf6 10. Nd5 f5 11. Bd3 Be6 12. c3 Bxd5 13. exd5 Ne7 14. Be2 Bg7 15. Nc2 0-0 16. 0-0 Kh8 17. a4 bxa4 18. Rxa4 a5 19. Ne3 f4 20. Nc4 f5 21. Qd2 Ng6 22. Rfa1 Nh4 23. Kh1 Rf6 24. f3 Rg6 25. Bf1 Qg5 26. Rxa5 Rg8 27. Ra8 Nxf3 28. Rxg8+ Kxg8 29. Ra8+ Bf8 30. Qf2 Nh4 31. b4 e4 32. g3 fxg3 33. Qxg3 Qc1 34. Qf2 f4 35. Nd2 f3 36. Qxh4 Qxd2 37. Qe7 Qf4 38. b5 Rg1+ 39. Kxg1 f2+ 40. Kh1 Qf3+ 0-1

[Event "Istanbul op-B 10th"]
[Site "Istanbul"]
[Date "2011.09.15"]
[Round "5"]
[White "Camci, Ali Ammar"]
[Black "Ozdemir, Utku"]
[Result "1-0"]
[WhiteElo "1962"]
[BlackElo "1841"]
[PlyCount "83"]
[EventDate "2011.09.12"]
[EventType "swiss"]
[EventRounds "9"]
[EventCountry "TUR"]
[SourceTitle "CBM 144 Extra"]
[Source "ChessBase"]
[SourceDate "2011.10.28"]
[SourceVersion "1"]
[SourceVersionDate "2011.10.28"]
[SourceQuality "1"]

1. b4 d5 2. Bb2 Nf6 3. e3 Bf5 4. c4 e6 5. Qb3 Nbd7 6. Nf3 Be7 7. Nc3 c6 8. d4 a6 9. Be2 0-0 10. 0-0 Qc7 11. a4 Ne4 12. Rac1 Qb6 13. c5 Qc7 14. Nxe4 Bxe4 15. b5 Bf6 16. Nd2 Bf5 17. f4 Kh8 18. Nf3 Rg8 19. Bd3 Bxd3 20. Qxd3 axb5 21. axb5 Ra2 22. b6 Qd8 23. Qb3 Ra6 24. Ra1 Nb8 25. Bc3 Rxa1 26. Rxa1 Na6 27. Be1 Nxc5 28. Ng5 Bxg5 29. dxc5 Bf6 30. Ra7 Qd7 31. Qd3 e5 32. Bc3 Be7 33. Bxe5 Bxc5 34. Qc3 f6 35. Qxc5 fxe5 36. fxe5 Re8 37. Qd6 Qf7 38. h3 h6 39. Qxc6 Re7 40. Ra8+ Kh7 41. Qc2+ Qg6 42. Rh8+ 1-0

[Event "TUR-chT"]
[Site "Kocaeli"]
[Date "2008.07.01"]
[Round "13"]
[White "Yildiz Kadioglu, Betul Cemre"]
[Black "Camci, Ali Ammar"]
[Result "1-0"]
[WhiteElo "2205"]
[BlackElo "1993"]
[PlyCount "63"]
[EventDate "2008.06.24"]
[EventType "team-tourn"]
[EventRounds "15"]
[EventCountry "TUR"]
[SourceTitle "CBM 125 Extra"]
[Source "ChessBase"]
[SourceDate "2008.09.01"]
[SourceVersion "1"]
[SourceVersionDate "2008.09.01"]
[SourceQuality "1"]

1. e4 d5 2. exd5 Qxd5 3. Nc3 Qa5 4. d4 Nf6 5. Nf3 Nc6 6. Bc4 Bg4 7. Be3 e6 8. h3 Bh5 9. g4 Bg6 10. 0-0 h5 11. g5 Ne4 12. Nh4 Bf5 13. Qf3 Nd6 14. Be2 0-0-0 15. a3 Bxc2 16. b4 Qb6 17. Rfc1 Bb3 18. Qf4 Rd7 19. Nf3 Ne7 20. d5 Ng6 21. Qh2 c5 22. bxc5 Qa5 23. cxd6 Kb8 24. Nb5 Bxd5 25. Bxa7+ Qxa7 26. Nxa7 Kxa7 27. Qg2 Nh4 28. Qg3 Nf5 29. Qf4 Kb8 30. Qa4 Rd8 31. Ne5 Nxd6 32. Qd1 1-0

[Event "Wch U18"]
[Site "Kemer"]
[Date "2007.11.18"]
[Round "1"]
[White "Camci, Ali Ammar"]
[Black "Volodin, Aleksandr"]
[Result "0-1"]
[WhiteElo "1979"]
[BlackElo "2368"]
[PlyCount "46"]
[EventDate "2007.11.18"]
[EventType "swiss"]
[EventRounds "11"]
[EventCountry "TUR"]
[SourceTitle "CBM 121 Extra"]
[Source "ChessBase"]
[SourceDate "2008.01.10"]
[SourceVersion "1"]
[SourceVersionDate "2008.01.10"]
[SourceQuality "1"]

1. f4 Nf6 2. e3 g6 3. b3 Bg7 4. Bb2 d6 5. Be2 0-0 6. Nf3 c5 7. 0-0 Nc6 8. d3 b5 9. e4 Qb6 10. Kh1 Bb7 11. Nc3 Rad8 12. Rb1 a6 13. Qd2 e6 14. Nd1 Qc7 15. Ne3 Rfe8 16. e5 dxe5 17. fxe5 Nd7 18. Ng4 Ne7 19. Ng5 Nf5 20. Qf4 h5 21. Nxf7 Kxf7 22. Nh6+ Bxh6 23. Qxh6 Nf8 0-1